| 000 | 00459nam a2200157 4500 | ||
|---|---|---|---|
| 001 | 148842 | ||
| 003 | ES-MaACL | ||
| 005 | 20230906202831.0 | ||
| 007 | t| | ||
| 008 | 070214s1979 sp r ||||1| cat d | ||
| 100 | 1 |
_aSubirats Piñana, Josep. _9108700 |
|
| 245 | 1 | 0 |
_aAny i mig de senador / _cJosep Subirats Piñana. |
| 260 |
_aTortosa (cataluña) : _b[s. n.], _c1979 ( _fImp. Blanch) |
||
| 300 |
_a31 p. ; _c22 cm. |
||
| 852 |
_aES-MaACL _j2110-F-17 _bR.99537 |
||
| 999 |
_c148842 _d148842 |
||